| 000 | 00403 a2200121 4500 | ||
|---|---|---|---|
| 001 | ART_17726 | ||
| 005 | 20260410161924.0 | ||
| 008 | 260409a | ||
| 245 | 1 | 0 | _aThe opttimal tradeoff between the probability and the magnitude of fines |
| 100 | 1 | _aPolinsky, A. Mitchell | |
| 700 | 1 | _aShavell, Steven | |
| 773 | 0 |
_tThe American Economic Review _g- Vol. 69, NÂș 5 (dic. 1979) _wREV16190 |
|
| 999 |
_c27969 _d27969 |
||